Trimet MAX Station - Statistics

General Stats
  • This quiz has been taken 19 times
  • The average score is 52 of 95
Answer Stats
Answer % Correct
Expo Center
82%
Hollywood / NE 42nd Ave Transit Center
82%
Interstate / Rose Quarter
82%
MIlwaukie / Main
82%
OMSI / SE Water
82%
Rose Quarter Transit Center
82%
Sunset Transit Center
82%
Beaverton Central
73%
Beaverton Transit Center
73%
Clackamas Town Center Transit Center
73%
Convention Center
73%
Fair Complex / Hillsboro Airport
73%
Goose Hollow / SW Jefferson St
73%
Hillsboro Central / SE 3rd Ave
73%
Library / SW 9th Ave
73%
Millikan Way
73%
Old Town / Chinatown
73%
Orenco
73%
Portland International Airport
73%
PSU Urban Center / SW 5th Ave & Mill
73%
PSU Urban Center / SW 6th Ave & Montgomery
73%
Ruby Junction / E 197th Ave
73%
Washington / SE 12th Ave
73%
Beaverton Creek
64%
Cascades
64%
Cleveland Ave
64%
Delta Park / Vanport
64%
Elmonica / SW 170th Ave
64%
Galleria / SW 10th Ave
64%
Gateway / NE 99th Ave Transit Center
64%
Gresham Central Transit Center
64%
Hatfield Government Center
64%
Hawthorn Farm
64%
Lloyd Center / NE 11th Ave
64%
Merlo / SW 158th Ave
64%
Pioneer Square North
64%
Pioneer Square South
64%
Providence Park
64%
Quatama
64%
Rosa Parks
64%
Skidmore Fountain
64%
Tuality Hospital / SE 8th Ave
64%
Washington Park
64%
Willow Creek / SW 185th Ave
64%
Gateway North
55%
NE 60th Ave
55%
NE 7th Ave
55%
NE 82nd Ave
55%
Oak / SW 1st Ave
55%
Parkrose Sumner Transit Center
55%
Rockwood / E 188th Ave
55%
SE 17th & Holgate
55%
SW 5th Avenue & Oak St
55%
SW 6th Ave & Madison St
55%
Union Station / NW 5th Ave & Glisan St
55%
Union Station /NW 6th Ave and Hoyt St
55%
Yamhill District
55%
Albina / Mississippi
45%
City Hall / SW 5th Ave & Jefferson St
45%
E 102nd Ave
45%
E 122nd Ave
45%
Kenton / N Denver Ave
45%
Lents Town Center / SE Foster Rd
45%
Morrison / SW 3rd Ave
45%
Mount Hood Ave
45%
Pioneer Courthouse / SW 6th Ave & Morrison St
45%
PSU South / SW 5th Ave & Jackson
45%
PSU South /SW 6th Ave & College
45%
SE Bybee
45%
SE Powell Blvd
45%
South Waterfront / S Moody
45%
SW 6th Ave & Pine St
45%
Civic Dr
36%
E 148th Ave
36%
E 162nd Ave
36%
E 172nd Ave
36%
E 181st Ave
36%
Lincoln / SW 3rd
36%
NW 5th Ave & Couch St
36%
NW 6th Ave & Davis St
36%
Overlook Park
36%
Pioneer Place / SW 5th Ave & Yamhill St
36%
SE Division St
36%
SE Park
36%
Clinton / SE 12th
27%
Gresham City Hall
27%
N Lombard Transit Center
27%
SE 17th & Rhine
27%
SE Flavel St
27%
SE Holgate Blvd
27%
SE Main St
27%
SE Tacoma / Johnson Creek
27%
N Killingsworth St
18%
N Prescott St
18%
SE Fuller Rd
18%
No matching quizzes found
Score Distribution
Percent of People with Each Score
Percentile by Number Answered
Your Score History
You have not taken this quiz